00370nam a2200121 4500082001600000100002300016245003000039260003700069300001200106942000700118999001500125952010800140 a711.4076BAN aBandypadhyay, Abir aTextbook of Twon Planning aIndia:bBooks and Allied,c2000. a219p. ; cBK c8330d8330 001040708REFaREFbREFd2014-07-21l1o711.4076BAN (Shelf - 95A)p23808r2015-03-24s2014-07-23yBK